[Event "Moscow City Team-ch"]
[Site "Moscow"]
[Date "2021.09.16"]
[Round "6"]
[White "Matyunin, Vladislav"]
[Black "Maimin, Leonid"]
[Result "1-0"]
[WhiteElo "1993"]
[BlackElo "1686"]
[PlyCount "81"]
[EventDate "2021.09.11"]
[EventType "team-swiss"]
[EventRounds "7"]
[EventCountry "RUS"]
[SourceTitle "EXT 2022"]
[Source "ChessBase"]
[SourceDate "2021.10.06"]
[SourceVersion "1"]
[SourceVersionDate "2021.10.06"]
[SourceQuality "1"]

1. d4 Nf6 2. c4 g6 3. Nc3 d5 4. cxd5 Nxd5 5. e4 Nxc3 6. bxc3 Bg7 7. Nf3 0-0 8. Be2 c5 9. 0-0 Bg4 10. Be3 Nc6 11. d5 Ne5 12. Bxc5 Nxf3+ 13. Bxf3 Bxf3 14. Qxf3 Rc8 15. Bd4 e5 16. Bxa7 f5 17. Rab1 Rc4 18. exf5 Rxf5 19. Qd3 Rc8 20. Rxb7 e4 21. Qxe4 Qxd5 22. Re1 Bxc3 23. Qe7 Rf7 24. Qxf7+ Qxf7 25. Rxf7 Kxf7 26. Rc1 Ra8 27. Rxc3 Rxa7 28. a3 Ra5 29. g3 Kf6 30. h4 h6 31. Kf1 g5 32. hxg5+ hxg5 33. Ke2 Ke6 34. Re3+ Kd6 35. Kf3 Ra4 36. Kg2 Kd5 37. Kh3 Kd6 38. Kg2 Kd5 39. Kh2 Kd6 40. Kh3 Kd5 41. Re8 1-0

[Event "Moscow City Team-ch"]
[Site "Moscow"]
[Date "2021.09.12"]
[Round "2"]
[White "Ivannikov, Maksim"]
[Black "Matyunin, Vladislav"]
[Result "1-0"]
[WhiteElo "1956"]
[BlackElo "1993"]
[PlyCount "95"]
[EventDate "2021.09.11"]
[EventType "team-swiss"]
[EventRounds "7"]
[EventCountry "RUS"]
[SourceTitle "EXT 2022"]
[Source "ChessBase"]
[SourceDate "2021.10.06"]
[SourceVersion "1"]
[SourceVersionDate "2021.10.06"]
[SourceQuality "1"]

1. e4 Nf6 2. e5 Nd5 3. d4 d6 4. c4 Nb6 5. exd6 exd6 6. Bd3 Nc6 7. Ne2 Be7 8. 0-0 Bg4 9. f3 Bh5 10. Nbc3 Qd7 11. b3 Bf6 12. Be4 0-0 13. Be3 Rae8 14. Qd2 Bd8 15. Rad1 f5 16. Bb1 Ne7 17. Nf4 Bf7 18. d5 Ng6 19. Nxg6 Bxg6 20. Nb5 Nc8 21. Nd4 c6 22. Ne6 Rf7 23. Rfe1 cxd5 24. cxd5 Bb6 25. a4 Rf6 26. Bd4 Bf7 27. Bxb6 Nxb6 28. Nf4 Rxe1+ 29. Rxe1 h6 30. a5 Nc8 31. Bd3 Kh8 32. Qe3 Qd8 33. b4 Kg8 34. Bc4 a6 35. Bb3 Kf8 36. Rc1 Ne7 37. Qb6 Qxb6+ 38. axb6 g5 39. Ne6+ Bxe6 40. dxe6 d5 41. Rc7 Rxe6 42. Rxb7 Re1+ 43. Kf2 Rb1 44. Rxe7 Rb2+ 45. Ke1 Kxe7 46. b7 Rxb3 47. b8Q Re3+ 48. Kf2 1-0

[Event "Moscow-chT"]
[Site "Moscow"]
[Date "2018.09.29"]
[Round "6.1"]
[White "Geivondian, Arman"]
[Black "Matyunin, Vladislav"]
[Result "1-0"]
[WhiteElo "2377"]
[BlackElo "2031"]
[PlyCount "153"]
[EventDate "2018.09.20"]
[EventType "team-swiss"]
[EventRounds "7"]
[EventCountry "RUS"]
[SourceTitle "CBM 186 Extra"]
[Source "ChessBase"]
[SourceDate "2018.08.24"]
[SourceVersion "1"]
[SourceVersionDate "2018.08.24"]
[SourceQuality "1"]
[WhiteTeam "Karpov Chess School"]
[BlackTeam "Severo Vostok"]
[WhiteTeamCountry "RUS"]
[BlackTeamCountry "RUS"]

1. d4 g6 2. c4 Bg7 3. e4 d6 4. Nc3 Nf6 5. f3 0-0 6. Be3 e5 7. Nge2 Nc6 8. d5 Ne7 9. g4 Nd7 10. Qd2 f5 11. g5 a5 12. 0-0-0 b6 13. b3 Nc5 14. Kb2 Bd7 15. Rg1 Qc8 16. Nc1 Qa6 17. Be2 Rfb8 18. Kc2 Qc8 19. Nd3 Na6 20. Ra1 c5 21. a3 Nc7 22. Rgb1 Qd8 23. Bg1 Nc8 24. h4 b5 25. cxb5 Nxb5 26. Nxb5 Bxb5 27. Nb2 Qd7 28. Bxb5 Rxb5 29. Be3 Rab8 30. Nc4 a4 31. b4 fxe4 32. fxe4 Qg4 33. Qd3 cxb4 34. Rxb4 Rxb4 35. axb4 Rxb4 36. Nd2 Qd7 37. Qa6 Bf8 38. Kc3 Rb8 39. Rxa4 Qh3 40. Kd3 h6 41. Rc4 hxg5 42. hxg5 Be7 43. Ke2 Qg4+ 44. Kd3 Qh3 45. Qc6 Kf7 46. Rc1 Kg7 47. Qe8 Qh8 48. Qxh8+ Kxh8 49. Rc7 Kg8 50. Nc4 Kf8 51. Na5 Bd8 52. Rb7 Rxb7 53. Nxb7 Ke7 54. Kc4 Kd7 55. Kb5 Bc7 56. Ka6 Bd8 57. Kb5 Bc7 58. Bf2 Ne7 59. Bg1 Nc8 60. Be3 Ne7 61. Bd2 Nc8 62. Bb4 Na7+ 63. Ka6 Nc8 64. Ba5 Bxa5 65. Nxa5 Kc7 66. Nc4 Ne7 67. Ne3 Nc8 68. Nc4 Ne7 69. Ka5 Nc8 70. Kb5 Na7+ 71. Ka6 Nc8 72. Na3 Ne7 73. Nb5+ Kd7 74. Kb6 Nc8+ 75. Kb7 Ne7 76. Na7 Ng8 77. Nc6 1-0

[Event "Moscow RGSU op"]
[Site "Moscow"]
[Date "2016.12.21"]
[Round "7"]
[White "Matyunin, Vladislav"]
[Black "Dragomarezkij, Evgeni"]
[Result "1-0"]
[WhiteElo "2044"]
[BlackElo "2362"]
[PlyCount "127"]
[EventDate "2016.12.13"]
[EventType "swiss"]
[EventRounds "9"]
[EventCountry "RUS"]
[SourceTitle "CBM 176 Extra"]
[Source "ChessBase"]
[SourceDate "2017.03.02"]
[SourceVersion "1"]
[SourceVersionDate "2017.03.02"]
[SourceQuality "1"]

1. d4 Nf6 2. c4 e6 3. Nc3 Bb4 4. e3 c5 5. Bd3 cxd4 6. exd4 d5 7. Nge2 dxc4 8. Bxc4 0-0 9. 0-0 Nbd7 10. Bf4 Nb6 11. Bb3 Bd7 12. a3 Be7 13. Qd3 Bc6 14. Rad1 Nbd5 15. Nxd5 Bxd5 16. Be5 Rc8 17. Nf4 Be4 18. Qg3 Bc2 19. Bxc2 Rxc2 20. d5 Qb6 21. dxe6 fxe6 22. Rd7 Rf7 23. Rxe7 Rxe7 24. Bxf6 Rf7 25. Bc3 Qd6 26. Qd3 Qxd3 27. Nxd3 Re2 28. Re1 Rxe1+ 29. Nxe1 Rd7 30. Kf1 Kf7 31. Nf3 Rd1+ 32. Ke2 Rd5 33. h4 h6 34. Nd2 Kg6 35. Nc4 b6 36. Ne3 Rd7 37. Kf3 Kh5 38. g3 g5 39. hxg5 hxg5 40. Ke4 Kg6 41. f4 gxf4 42. Kxf4 Kf7 43. g4 Rc7 44. g5 Rc5 45. Ng2 Rc4+ 46. Kg3 Kg6 47. Bf6 e5 48. Nh4+ Kh5 49. g6 Rg4+ 50. Kh3 e4 51. Ng2 e3 52. g7 e2 53. Nf4+ Rxf4 54. g8Q Rf3+ 55. Kg2 e1N+ 56. Kh2 Rf2+ 57. Kg1 Rxf6 58. Qd5+ Kg6 59. Qe4+ Kf7 60. Qxe1 Re6 61. Qc3 a5 62. Kf2 Ke7 63. Qc7+ Kf6 64. Kf3 1-0